000 00287nam a2200085Ia 4500
008 220120s9999||||xx |||||||||||||| ||und||
100 _aGayathri, M.B and Mamatha, C.B
_912218
245 0 _aLine trancing robot with computer interface
260 _aCoorg Institute of Technology
_bPonnampet
_c2009
999 _c137804
_d137804